| 000 | 00640 a2200181 4500 | ||
|---|---|---|---|
| 003 | Nust | ||
| 005 | 20170207153212.0 | ||
| 040 | _cNust | ||
| 082 | _a005.1 | ||
| 100 | _aKhan ,Nabeel Younus (MSCS-12) | ||
| 245 |
_aFingerprint matching using wavelet packet analysis technique _cNabeel Younus Khan |
||
| 260 |
_bMCS,NUST _aRawalpindi _c2007 |
||
| 300 | _ax,81,p.; | ||
| 505 | _aIntroduction (page-1) Literature review (page-5) System methodology (page-17) System design and implementation (page-23) System analysis and results (page-53) Conclusion (page-67) | ||
| 538 | _aAlmirah No 73 Shelf No 2 | ||
| 650 | _aPG Thesis | ||
| 651 | _aMSCS-12 | ||
| 942 | _cTHS | ||
| 999 |
_c181431 _d181431 |
||